|
|
|
|
| LEADER |
00000cam a2200000 7i4500 |
| 001 |
0000003832 |
| 005 |
20110721.0 |
| 090 |
0 |
0 |
|a 639.905
|b MNJ 2011
|
| 245 |
0 |
0 |
|a Malayan nature journal
|
| 260 |
0 |
0 |
|a Kuala Lumpur :
|b Malayan Nature Society ,
|c 2011
|
| 300 |
|
|
|a .548 :
|b ill. ;
|c 25 cm.
|
| 500 |
0 |
0 |
|a Quarterly
|
| 650 |
0 |
0 |
|a Ethnology
|z Malay Peninsular
|x Periodicals
|
| 650 |
0 |
0 |
|a Natural history
|x Periodicals
|
| 650 |
0 |
0 |
|a Natural history
|z Malay Peninsular
|x Periodicals
|
| 710 |
1 |
1 |
|a Malayan Nature Society
|
| 998 |
|
|
|a JPSM
|
| 999 |
|
|
|a 007640
|b Journal
|c Open Shelf
|e Default branch
|